A TEXT BOOK OF PROFESSIONAL PHARMACY (Record no. 26426)

MARC details
000 -LEADER
fixed length control field 00374nam a22001577a 4500
003 - CONTROL NUMBER IDENTIFIER
control field SGT
020 ## - INTERNATIONAL STANDARD BOOK NUMBER
International Standard Book Number 9788185731995
082 ## - DEWEY DECIMAL CLASSIFICATION NUMBER
Classification number 615.068
Item number P23J
100 ## - MAIN ENTRY--PERSONAL NAME
Personal name JAIN, N.K.
245 ## - TITLE STATEMENT
Title A TEXT BOOK OF PROFESSIONAL PHARMACY
260 ## - PUBLICATION, DISTRIBUTION, ETC. (IMPRINT)
Place of publication, distribution, etc DELHI
Name of publisher, distributor, etc VALLABH PRAKASHAN
Year of Publication 2023
300 ## - PAGE DESCRIPTION
No. of Pages 632
650 ## - SUBJECT ADDED ENTRY--TOPICAL TERM
Topical term or geographic name as entry element PHARMACEUTICS
653 ## - KEYWORDS--INDEX TERM
Keyword term PROFESSIONAL, PHARMACY
942 ## - ADDED ENTRY ELEMENTS (KOHA)
Source of classification or shelving scheme Dewey Decimal Classification
Koha item type Books
942 ## - ADDED ENTRY ELEMENTS (KOHA)
-- 1
Holdings
Withdrawn status Lost status Source of classification or shelving scheme Damaged status Not for loan Collection code Home library Current library Shelving location Date acquired Vendor Name Cost, normal purchase price SGTU Bill Number Total Checkouts Full call number Accession No. (Barcode) Date last seen Bill Date Koha item type Date last borrowed
    Dewey Decimal Classification     PHARMACY SGT FA-FP Library SGT FA-FP Library Text Book 28/05/2024 AHUJA PUBLICATION 645.00 SGTU 18906   615.068 P23J FP4746 28/05/2024 08/05/2024 Books  
    Dewey Decimal Classification     PHARMACY SGT FA-FP Library SGT FA-FP Library Text Book 28/05/2024 AHUJA PUBLICATION 645.00 SGTU 18906 1 615.068 P23J FP4747 20/06/2024 08/05/2024 Books 03/06/2024
    Dewey Decimal Classification     PHARMACY SGT FA-FP Library SGT FA-FP Library Text Book 28/05/2024 AHUJA PUBLICATION 645.00 SGTU 18906   615.068 P23J FP4748 28/05/2024 08/05/2024 Books  
    Dewey Decimal Classification     PHARMACY SGT FA-FP Library SGT FA-FP Library Text Book 28/05/2024 AHUJA PUBLICATION 645.00 SGTU 18906   615.068 P23J FP4749 28/05/2024 08/05/2024 Books  
    Dewey Decimal Classification     PHARMACY SGT FA-FP Library SGT FA-FP Library Text Book 28/05/2024 AHUJA PUBLICATION 645.00 SGTU 18906   615.068 P23J FP4750 28/05/2024 08/05/2024 Books